Online Catalogue and eLibrary

The Soviet Cinema (Record no. 1180)

MARC details
000 -LEADER
fixed length control field 00411nam a2200169Ia 4500
005 - DATE AND TIME OF LATEST TRANSACTION
control field 20250325050703.0
008 - FIXED-LENGTH DATA ELEMENTS--GENERAL INFORMATION
fixed length control field 240331s9999 xx 000 0 und d
020 ## - INTERNATIONAL STANDARD BOOK NUMBER
ISBN 4912000000
082 ## - DDC Classification
Class No. 302.234
Item Number - Author Mark PLA
DDC Edition Number 92
100 ## - MAIN ENTRY--PERSONAL NAME
Personal name Plakhov, A
245 #4 - TITLE STATEMENT
Title The Soviet Cinema
260 ## - PUBLICATION, DISTRIBUTION, ETC.
Place of publication, distribution, etc. Moscow,
Name of publisher, distributor, etc. Novosti Press Agency Publishing House
Date of publication, distribution, etc. 1988
300 ## - PHYSICAL DESCRIPTION
Extent (e.g. Volumes, Pages etc.) 96 p.,
650 ## - SUBJECT ADDED ENTRY--TOPICAL TERM
Topical term or geographic name entry element Cinema
650 ## - SUBJECT ADDED ENTRY--TOPICAL TERM
Topical term or geographic name entry element Media
942 ## - Koha item type (Biblio)
Koha item type Books in Stacks (Lending)
Holdings
Lost status Damaged status Collection code Home library Current library Shelving location Date acquired Full call number Accession Number Item type
    Lending WERC Library WERC Library Social Science Cupboard 03/31/2024 302.234 PLA 92 Books in Stacks (Lending)

© WERC Library